<?xml version="1.0" encoding="UTF-8"?>
<collection xmlns="http://www.loc.gov/MARC21/slim">
<record>
  <controlfield tag="001">78808</controlfield>
  <controlfield tag="005">20221004075832.0</controlfield>
  <datafield tag="024" ind1="7" ind2=" ">
    <subfield code="2">doi</subfield>
    <subfield code="a">10.1029/2018TC005153</subfield>
  </datafield>
  <datafield tag="024" ind1="8" ind2=" ">
    <subfield code="2">sideral</subfield>
    <subfield code="a">108575</subfield>
  </datafield>
  <datafield tag="037" ind1=" " ind2=" ">
    <subfield code="a">ART-2018-108575</subfield>
  </datafield>
  <datafield tag="041" ind1=" " ind2=" ">
    <subfield code="a">eng</subfield>
  </datafield>
  <datafield tag="100" ind1=" " ind2=" ">
    <subfield code="a">Izquierdo-Llavall, E.</subfield>
    <subfield code="u">Universidad de Zaragoza</subfield>
    <subfield code="0">(orcid)0000-0002-5159-8140</subfield>
  </datafield>
  <datafield tag="245" ind1=" " ind2=" ">
    <subfield code="a">Rotational Kinematics of Basement Antiformal Stacks: Paleomagnetic Study of the Western Nogueras Zone (Central Pyrenees)</subfield>
  </datafield>
  <datafield tag="260" ind1=" " ind2=" ">
    <subfield code="c">2018</subfield>
  </datafield>
  <datafield tag="506" ind1="0" ind2=" ">
    <subfield code="a">Access copy available to the general public</subfield>
    <subfield code="f">Unrestricted</subfield>
  </datafield>
  <datafield tag="520" ind1="3" ind2=" ">
    <subfield code="a">The structure of the Pyrenean Axial Zone laterally transitions from an imbricate thrust system to an antiformal stack displaying downward facing structures in its frontal part (the Nogueras zone). We carried out a paleomagnetic study through this structural transition to better constrain thrust kinematics and better define the factors controlling the occurrence of antiformal stacks. Triassic red beds unconformably overlying the Paleozoic basement were sampled across three main thrust sheets (the Nogueras zone, the Bielsa, and the Orri thrust sheets). From 31 new sites, two meaningful magnetizations were defined, both carried by hematite: (1) the primary magnetization, that unblocks at 660–685 °C and (2) an intermediate-temperature, syn-orogenic remagnetization. Paleomagnetic data indicate variable, clockwise vertical axis rotations, with mean, thrust-scale values that range from 0 to +38°. They increase both from the base to the top of the stacked units and from west to east and display a thrust-scale directional dispersion that is higher for the lower wavelength thrusts. Results evidence that increasing thrust displacements in the upper thrusts units are a key factor for the formation of antiformal stacks showing downward facing structures. Displacement gradients in the basement are transferred to cover units and can account for important rotations such as those registered by the Mesozoic-Cenozoic units to the south of the study area.</subfield>
  </datafield>
  <datafield tag="536" ind1=" " ind2=" ">
    <subfield code="9">info:eu-repo/grantAgreement/ES/MEC/FPU-AP2009-0554</subfield>
    <subfield code="9">info:eu-repo/grantAgreement/ES/MICINN/CGL2006-05817</subfield>
    <subfield code="9">info:eu-repo/grantAgreement/ES/MICINN/CGL2009-08969</subfield>
    <subfield code="9">info:eu-repo/grantAgreement/ES/MINECO/CGL2009-10840</subfield>
    <subfield code="9">info:eu-repo/grantAgreement/ES/MINECO/CGL2012-38481</subfield>
  </datafield>
  <datafield tag="540" ind1=" " ind2=" ">
    <subfield code="9">info:eu-repo/semantics/openAccess</subfield>
    <subfield code="a">by-nc-nd</subfield>
    <subfield code="u">http://creativecommons.org/licenses/by-nc-nd/3.0/es/</subfield>
  </datafield>
  <datafield tag="590" ind1=" " ind2=" ">
    <subfield code="a">3.975</subfield>
    <subfield code="b">2018</subfield>
  </datafield>
  <datafield tag="591" ind1=" " ind2=" ">
    <subfield code="a">GEOCHEMISTRY &amp; GEOPHYSICS</subfield>
    <subfield code="b">14 / 84 = 0.167</subfield>
    <subfield code="c">2018</subfield>
    <subfield code="d">Q1</subfield>
    <subfield code="e">T1</subfield>
  </datafield>
  <datafield tag="592" ind1=" " ind2=" ">
    <subfield code="a">2.371</subfield>
    <subfield code="b">2018</subfield>
  </datafield>
  <datafield tag="593" ind1=" " ind2=" ">
    <subfield code="a">Geophysics</subfield>
    <subfield code="c">2018</subfield>
    <subfield code="d">Q1</subfield>
  </datafield>
  <datafield tag="593" ind1=" " ind2=" ">
    <subfield code="a">Geochemistry and Petrology</subfield>
    <subfield code="c">2018</subfield>
    <subfield code="d">Q1</subfield>
  </datafield>
  <datafield tag="655" ind1=" " ind2="4">
    <subfield code="a">info:eu-repo/semantics/article</subfield>
    <subfield code="v">info:eu-repo/semantics/publishedVersion</subfield>
  </datafield>
  <datafield tag="700" ind1=" " ind2=" ">
    <subfield code="a">Casas-Sainz, A.M.</subfield>
    <subfield code="u">Universidad de Zaragoza</subfield>
    <subfield code="0">(orcid)0000-0003-3652-3527</subfield>
  </datafield>
  <datafield tag="700" ind1=" " ind2=" ">
    <subfield code="a">Oliva-Urcia, B.</subfield>
    <subfield code="0">(orcid)0000-0003-1563-6434</subfield>
  </datafield>
  <datafield tag="700" ind1=" " ind2=" ">
    <subfield code="a">Villalaín, J.J.</subfield>
    <subfield code="u">Universidad de Zaragoza</subfield>
  </datafield>
  <datafield tag="700" ind1=" " ind2=" ">
    <subfield code="a">Pueyo, E.</subfield>
    <subfield code="u">Universidad de Zaragoza</subfield>
    <subfield code="0">(orcid)0000-0002-0504-2352</subfield>
  </datafield>
  <datafield tag="700" ind1=" " ind2=" ">
    <subfield code="a">Scholger, R.</subfield>
  </datafield>
  <datafield tag="710" ind1="2" ind2=" ">
    <subfield code="1">2000</subfield>
    <subfield code="2">428</subfield>
    <subfield code="a">Universidad de Zaragoza</subfield>
    <subfield code="b">Dpto. Ciencias de la Tierra</subfield>
    <subfield code="c">Área Geodinámica Interna</subfield>
  </datafield>
  <datafield tag="773" ind1=" " ind2=" ">
    <subfield code="g">37, 10 (2018), 3456-3478</subfield>
    <subfield code="p">Tectonics</subfield>
    <subfield code="t">Tectonics</subfield>
    <subfield code="x">0278-7407</subfield>
  </datafield>
  <datafield tag="856" ind1="4" ind2=" ">
    <subfield code="s">5015866</subfield>
    <subfield code="u">http://zaguan.unizar.es/record/78808/files/texto_completo.pdf</subfield>
    <subfield code="y">Versión publicada</subfield>
  </datafield>
  <datafield tag="856" ind1="4" ind2=" ">
    <subfield code="s">2884037</subfield>
    <subfield code="u">http://zaguan.unizar.es/record/78808/files/texto_completo.jpg?subformat=icon</subfield>
    <subfield code="x">icon</subfield>
    <subfield code="y">Versión publicada</subfield>
  </datafield>
  <datafield tag="909" ind1="C" ind2="O">
    <subfield code="o">oai:zaguan.unizar.es:78808</subfield>
    <subfield code="p">articulos</subfield>
    <subfield code="p">driver</subfield>
  </datafield>
  <datafield tag="951" ind1=" " ind2=" ">
    <subfield code="a">2022-10-03-13:16:58</subfield>
  </datafield>
  <datafield tag="980" ind1=" " ind2=" ">
    <subfield code="a">ARTICLE</subfield>
  </datafield>
</record>
</collection>